| 000 | 00780nam a2200217 a 4500 | ||
|---|---|---|---|
| 005 | 20240924070525.0 | ||
| 008 | 040507s2002 mx r 000 0 spa d | ||
| 020 | _a8476586175 | ||
| 035 | _aUPN01000133340 | ||
| 049 | _aCG | ||
| 050 | 4 |
_aJZ1318 _bV4.3 |
|
| 100 | 1 | _aVenanzi, Augusto de | |
| 245 | 1 | 0 |
_aGlobalización y corporación : _bel orden social en el siglo XXI / _cAugusto de Venanzi. |
| 260 |
_aBarcelona, Esp. : _bAnthropos ; _aCaracas : _bUniversidad Central de Venezuela, Facultad de Ciencias Económicas y Sociales, _c2002. |
||
| 300 | _a352 p. | ||
| 440 | 0 |
_aAutores, textos y temas ; _v31. _pCiencias sociales |
|
| 650 | 4 |
_aGlobalización _95377 |
|
| 650 | 2 |
_aCiencias sociales _xFilosofía _95622 |
|
| 650 | 2 |
_aCooperación internacional _912382 |
|
| 905 | _aLibro | ||
| 999 |
_c105492 _d105492 |
||